संवेदना और संप्रेषण/ (Record no. 201578)

MARC details
000 -LEADER
fixed length control field 00728nam a22001817a 4500
005 - DATE AND TIME OF LATEST TRANSACTION
control field 20240319105240.0
010 ## - LCCN (DPL NO)
LC control number HIN-127121
020 ## - INTERNATIONAL STANDARD BOOK NUMBER
International Standard Book Number 9789384252182
Terms of availability 695.00
035 ## - SYSTEM CONTROL NUMBER
System control number HN-99467
037 ## - SOURCE OF ACQUISITION
Source of stock number/acquisition DBAD/PUB.
082 ## - DEWEY DECIMAL CLASSIFICATION NUMBER
Classification number 824
100 ## - MAIN ENTRY--PERSONAL NAME
Personal name काबरा किशोर
245 ## - TITLE STATEMENT
Title संवेदना और संप्रेषण/
Statement of responsibility, etc किशोर काबरा द्वारा लिखित
260 ## - PUBLICATION, DISTRIBUTION, ETC. (IMPRINT)
Place of publication, distribution, etc विश्वास नगर
Name of publisher, distributor, etc जास्मिन ब्लिकेशन
Date of publication, distribution, etc 2021
270 ## - ADDRESS
Address 29/61, प्रथम तल
City दिल्ली
300 ## - PHYSICAL DESCRIPTION
Extent 320पृष्ठ;
Dimensions 23सेमी(सजिल्द)
942 ## - ADDED ENTRY ELEMENTS (KOHA)
Institution code [OBSOLETE] dpl
Item type Hindi Books
Source of classification or shelving scheme Dewey Decimal Classification
Classification part 824
Call number suffix काबरा
Holdings
Withdrawn status Lost status Not for loan Collection code Home library Current library Date acquired Source of acquisition Cost, normal purchase price Full call number Barcode Copy number Cost, replacement price Koha item type
      Non-fiction Peshwa Road Peshwa Road 19/03/2024 DBAD/PUB 695.00 824 काबरा HN-99467 1 695.00 Hindi Books

© Delhi Public Library
Hit Counter
free hit counter